| LEADER |
00827nam0a2200193 450 |
| 001 |
16848141 |
| 010 |
|
|
|a 978-2-36261-039-4
|b Rel.
|d 16,95
|
| 100 |
|
|
|a 20111209d2011 u u0frey01 ba
|
| 101 |
0 |
|
|a fre
|
| 102 |
|
|
|a FR
|
| 200 |
0 |
|
|a plus belles chaussures vintage (Les)
|f Tessa Paul
|
| 207 |
|
1 |
|a
|
| 210 |
|
|
|a Paris
|c Cyel éd.
|d 2011
|
| 215 |
|
|
|a 1 vol. (328 p.)
|c illustrations en couleur
|d 21 x 15 cm
|
| 330 |
|
|
|a L'histoire de la fabrication de la chaussure, le portrait de grands créateurs et fabricants et une sélection de modèles modernes sont présentés. L'aspect pratique des chaussures de sport est aussi pris en compte.
|
| 700 |
|
0 |
|a Paul
|b Tessa
|4 70
|
| 900 |
|
|
|a Documentaire
|
| 901 |
|
|
|a Accessible au prêt
|
| 995 |
|
|
|a Bibliothèque
|c Bibliothèque
|f 00156008254682
|h 00156008254682
|k 391 PAU
|o p
|q a
|r az
|e Bibliothèque
|